000 00628nam a22001697a 4500
999 _c14994
_d14994
008 200204b ||||| |||| 00| 0 eng d
082 _22015
_aUT 1437
_bB34
100 _aBayla, Justin Paul I.
_941624
245 _aInteractive Pin-Map Mobile Application/
_cJustin Paul I. Bayla, Jazmin P. Tapuroc & Nesle L. Tagalog
260 _aDigos City
_bUMDC
_cOctober 2015
300 _a102 pages
_c30 cm
650 _aTechnical Education
_vInformation Technology
_xUndergraduate Thesis
_941335
700 _aBayla, Justin Paul I.
_941624
700 _aTapuroc, Jazmin P.
_941625
700 _aTagalog, Nesle L.
_941626
942 _2ddc
_cUT